| 000 | 00676cab a2200229 4500 | ||
|---|---|---|---|
| 001 | X3123 | ||
| 008 | 090401t1995 xxu||||| |||| 00| 0 eng d | ||
| 035 | _a(Sirsi) u28563 | ||
| 041 | _aeng | ||
| 100 | _aMoreton, P. | ||
| 245 | _aInsurance and the Red Book | ||
| 260 | _c1995 | ||
| 350 | _a0 | ||
| 490 |
_aCSM (Chartered Surveyor Monthly) _v5(3) November/December 1995, 45(1) |
||
| 520 | _aConsiders PII in relation to the practice statements in the Red Book. | ||
| 650 | _aPROFESSIONAL INDEMNITY INSURANCE | ||
| 650 | _aPROFESSIONAL NEGLIGENCE | ||
| 650 | _aRICS APPRAISAL AND VALUATION MANUAL | ||
| 690 |
_aINSURANCE _96249 |
||
| 942 | _n0 | ||
| 948 | _c04/03/1997 | ||
| 999 |
_c19208 _d19208 |
||